Ježegodnik Boľšoj sovetskoj enciklopedii. 1973 : Vyp. 17
Saved in:
| Format: | Book |
|---|---|
| Language: | Russian |
| Published: |
Moskva :
Sovetskaja enciklopedija,
1973
|
| Subjects: | |
| Tags: |
No Tags, Be the first to tag this record!
|
MARC
| LEADER | 00000nam a22000003a 4500 | ||
|---|---|---|---|
| 001 | stu1404 | ||
| 005 | 20141121192617.8 | ||
| 008 | 920317s1973----xxr-----------------rus-d | ||
| 040 | |a STU |b slo | ||
| 041 | 0 | |a rus | |
| 044 | |a xxr | ||
| 080 | |a 03"1973" | ||
| 245 | |a Ježegodnik Boľšoj sovetskoj enciklopedii. 1973 : |b Vyp. 17 | ||
| 260 | |a Moskva : |b Sovetskaja enciklopedija, |c 1973 | ||
| 300 | |a 639 s | ||
| 650 | 7 | |a encyklopédie |2 stusub | |
| 996 | |b E32850 |c E*32850 |l EE03 |s P |a 0 |w stu1404_0001 | ||